000
002500000a22000970004500
100
1
_a
Pagán, Samuel
245
1
0
_a
íLevántate y resplandece!
300
_a
Vol. 57, Núm 256 (2002), Páginas 20-22
773
0
_t
La Biblia de las Américas
942
_c
ANA
999
_c
51684
_d
51684